Statistics for “大东亚共荣圈”

Click here to take the quiz!

General Stats

  • This quiz has been taken 31 times
    (30 since last reset)
  • The average score is 39 of 47

Answers on the Map

Answers color-coded by a green-red scale on the quiz's map according to % correct below.
 

Answer Stats

Answer% Correct
中国
100%
不丹
100%
菲律宾
100%
孟加拉国
100%
日本
100%
印度尼西亚
100%
柬埔寨
100%
泰国
100%
老挝
100%
越南
100%
澳大利亚
100%
中国台湾省
100%
尼泊尔
100%
印度
100%
阿富汗
100%
蒙古
97%
马来西亚
97%
巴基斯坦
97%
韩国
97%
朝鲜
97%
缅甸
97%
俄罗斯
97%
斯里兰卡
93%
新西兰
90%
巴布亚新几内亚
90%
哈萨克斯坦
86%
吉尔吉斯斯坦
86%
新加坡
86%
乌兹别克斯坦
86%
塔吉克斯坦
86%
美国
79%
土库曼斯坦
79%
马尔代夫
76%
瑙鲁
69%
斐济
69%
东帝汶
69%
所罗门群岛
66%
帕劳
66%
汤加
62%
文莱
55%
基里巴斯
55%
图瓦卢
52%
萨摩亚
48%
密克罗尼西亚联邦
48%
瓦努阿图
48%
马绍尔群岛
45%
库克群岛
24%

Score Distribution

Percentile by Number Answered

Percent of People with Each Score

Your Score History

You have not taken this quiz since the last reset